000 02015nam a22002657a 4500
001 113998
003 DR-UNIBE
005 20260316094321.0
008 250801b2020 dr ||||| |||| 00| 0 spa d
020 _a9789945645705
040 _aBIBLIOTECA UNIBE
_bspa
_cBIBLIOTECA UNIBE
_erda
041 _aspa
082 _aRD 361 V496a
100 _aVergés, Luis
_d1962-
_eautor
_9155742
245 1 0 _aAgenda temática bienestarmental y familiar /
_cLuis Vergés
260 _aSanto Domingo :
_bCentro Psicológico Bienestar Familiar,
_c2020
300 _aPaginación varias
505 _a Introducción | Tema del primer mes. ¿Cómo puedo aportar en favor de la salud mental desde el hogar? | Tema del segundo mes. El buen trato en el hogar y su impacto en la salud mental | Tema del tercer mes. ¿Cómo saber si hay alguna situación de salud mental en el hogar? | Tema del cuarto mes. ¿Qué hacer y cómo tratar a un familiar identificado con alguna condición de salud mental? | Tema del quinto mes. ¿Cómo puedo saber si poseo bienestar mental? | Tema del sexto mes. ¿Cómo saber si hay violencia en el hogar y cómo enfrentarla de forma apropiada? | Tema del séptimo mes. La importancia del afecto en el hogar | Tema del octavo mes. Estilos educativos en el hogar: ventajas y desventajas | Tema del noveno mes. ¿Cómo podemos relacionarnos con nuestros hijos e hijas según sus etapas de desarrollo? | Tema del décimo mes. ¿Cómo apoyar a nuestros hijos para el logro de sus metas académicas? | Tema del décimo primer mes. ¿Cómo mejorar la comunicación en el hogar? | Tema del décimo segundo mes. ¿Cómo fortalecer la relación de pareja? | Viñetas educativas para nunca olvidar y aplicar 206 ¿Qué significado tienen estas frases para tu vida? |
650 7 _2lemb
_aBienestar familiar
_954546
650 7 _2lemb
_aFamilia
650 7 _2lemb
_aPsicología
653 0 0 _aBienestar mental
653 0 0 _aDiarios y familia (Psicología)
942 _2ddc
_cBK
999 _c113998
_d113998